| 000 | 00000nam##2200000za#4500 |
| 001 | 9.578815 |
| 003 | CaOODSP |
| 005 | 20210624190250 |
| 007 | cr ||||||||||| |
| 008 | 150406|1989||||xxc|||||o f|0| 0 eng|d |
| 022 | |a1488-5387 |
| 040 | |aCaOODSP|beng |
| 043 | |an-cn--- |
| 086 | 1 |aFs97-4/2017E-PDF |
| 110 | 1 |aCanada. |bDepartment of Fisheries and Oceans. |
| 245 | 10|aEnumeration and coded-wire tagging of coho salmon (Oncorhynchus kisutch) smolts leaving Black Creek, Vancouver Island, during 1978 and 1979, their subsequent distribution in sport and commercial fisheries, and escapement to the creek in 1978-1980 / |h[electronic resource]|cby D. G. Clark and J. R. Irvine. |
| 260 | |aNanaimo - British Columbia : |bFisheries and Oceans Canada |cMay 1989. |
| 300 | |a55p.|bfigs., graphs, map, references, tables |
| 490 | 1 |aCanadian manuscript report of fisheries and aquatic sciences|x1488-5387|vNo. 2017 |
| 546 | |a(Résumés en français) |
| 590 | |a14-04-Supp|b2014-02-05 |
| 830 | #0|aCanadian manuscript report of fisheries and aquatic sciences,|x1488-5387|vNo. 2017|w(CaOODSP)9.505211 |
| 856 | 40|ahttp://publications.gc.ca|qPDF|s1701 KB|uhttps://publications.gc.ca/collections/collection_2014/mpo-dfo/Fs97-4-2017-eng.pdf|yNo. 2017 |